| 000 | 00559nam a22001817a 4500 | ||
|---|---|---|---|
| 999 |
_c189528 _d189528 |
||
| 005 | 20220704130352.0 | ||
| 010 | _aENG-133434 | ||
| 020 |
_a9789383657377 _c50.00 |
||
| 035 | _aEN-116966 | ||
| 037 | _bDBAD/PUB | ||
| 082 | _a200 | ||
| 100 | _aLenin,Vladimir Ilyich | ||
| 245 |
_aReligion/ _cVladimir Ilyich Lenin |
||
| 260 |
_aNew Delhi _bCritical Quest _c2017 |
||
| 270 |
_a420, G-Block,Phase VI,Aya Nagar _bNew Delhi _e110047 _mcriticalquest@gmail.com _k011-26502012 |
||
| 300 |
_a63p. _c21cm(pkb) _bEndnotes |
||
| 942 |
_2ddc _cEN _h200 _mLEN |
||